| 000 | 00641nam a2200217 a 4500 | ||
|---|---|---|---|
| 001 | BRCA_7635 | ||
| 005 | 20190320205924.0 | ||
| 008 | 090713s1956----gw-a######---#000-0#ger-# | ||
| 041 | _ager | ||
| 044 | _agw | ||
| 050 | 4 |
_aNC1509 _b.A24 1956 |
|
| 245 | 1 | 0 |
_aAch wüsstest du sprüche und wahrheiten gezeichnet von Olaf Gulbransson _cmit einleintung von Peter Bamm. |
| 260 |
_aHannover, Alemania _bSchmidt-Küster _cc1956 |
||
| 300 |
_a1 v. (sin paginación) _bil. _c24 cm. |
||
| 500 | _aT52 | ||
| 650 | 1 | 4 |
_aHumorismo alemán _96123 |
| 650 | 1 | 4 |
_aCaricaturas _912867 |
| 700 | 1 |
_aBamm, Peter _eed. _918837 |
|
| 902 | _aGFM | ||
| 942 |
_2lcc _cB |
||
| 999 |
_c7309 _d7309 |
||